00570nam a2200169Ia 4500008004100000020001600041041001200057082001600069100001400085245006100099260003300160300000800193650001600201942000700217999001500224952016100239221030s9999 xx 000 0 und d a81856232228 aEnglish a105.23bLof aR. Lafore 0aObject - Oriented Programming in Turbo C++cby R. Lafore bGalgotia PubaNew Delhic739 a739 aBE Computer cBK c2213d2213 pBE 7694g325.00l0o105.23 Lofr2024-06-13 00:00:00w2022-10-30yBK003Print4070aMIETLIBbMIETLIBcBL-First, FL-1, CUP-165, SH-1, R-1d2005-04-3010HBE